000 00244nam a22001097a 4500
008 180802b xxu||||| |||| 00| 0 eng d
082 _a813.52
245 _aHotel Paper
_cBranch,M
300 _a1
_fCD
440 _x093624842620
942 _2ddc
_cMX
999 _c46708
_d46708